Statistiques concernant Les quartiers de Bordeaux

Cliquez ici pour prendre le quiz!

Statistiques générales

  • Ce quiz a été pris 407 fois
  • Le résultat moyen est 3 sur 8

Réponses sur la Carte

Les réponses sont colorées sur une échelle allant du rouge au vert en fonction du pourcentage des utilisateurs qui les ont devinées à leur premier essai. Vous pouvez retrouver ces pourcentages ci-dessous.
 

Statistiques - réponses

Quartiers% Correct
Chartrons / Grand Parc / Jardin public
76%
Caudéran
52%
Bastide
45%
Nansouty / Saint-Genès
44%
Saint-Augustin / Tauzin / Alphonse Dupeux
20%
Bordeaux Centre
17%
Bordeaux Sud
12%
Bordeaux Maritime
10%

Distribution des résultats

Percentile par nombre de réponses

% des personnes avec chaque résultat

Votre développement - résultats

Vous n’avez pas pris ce quiz